MARC details
| 000 -LEADER |
| fixed length control field |
00816cam a2200217 4500 |
| 001 - CONTROL NUMBER |
| control field |
ABS64536 |
| 008 - FIXED-LENGTH DATA ELEMENTS--GENERAL INFORMATION |
| fixed length control field |
010926n2001 000 0 eng u |
| 035 ## - SYSTEM CONTROL NUMBER |
| System control number |
(Sirsi) u114853 |
| 245 ## - TITLE STATEMENT |
| Title |
PFM Industry survey |
| 260 ## - PUBLICATION, DISTRIBUTION, ETC. |
| -- |
2001 |
| 490 ## - SERIES STATEMENT |
| Series statement |
Premises and Facilities Management |
| Volume/sequential designation |
September 2001, 65-74(6) |
| 520 ## - SUMMARY, ETC. |
| Summary, etc. |
An annual guide to the financial strength, customer base and aims and objectives of the main facilities management service providers in the UK. This, the fifth, annual PFM Industry Survey includes 38 entries. Companies have not been ranked, but are listed in alphabetical order. |
| 590 ## - LOCAL NOTE (RLIN) |
| Local note |
ABS |
| 650 ## - SUBJECT ADDED ENTRY--TOPICAL TERM |
| Topical term or geographic name entry element |
SURVEY |
| 650 ## - SUBJECT ADDED ENTRY--TOPICAL TERM |
| Topical term or geographic name entry element |
SERVICE PROVIDERS |
| 650 ## - SUBJECT ADDED ENTRY--TOPICAL TERM |
| Topical term or geographic name entry element |
CUSTOMERS |
| 650 ## - SUBJECT ADDED ENTRY--TOPICAL TERM |
| Topical term or geographic name entry element |
FINANCE |
| 650 ## - SUBJECT ADDED ENTRY--TOPICAL TERM |
| Topical term or geographic name entry element |
UNITED KINGDOM |
| 690 ## - LOCAL SUBJECT ADDED ENTRY--TOPICAL TERM (OCLC, RLIN) |
| Topical term or geographic name as entry element |
MANAGEMENT-FACILITIES MANAGEMENT |
| 942 ## - ADDED ENTRY ELEMENTS (KOHA) |
| Suppress in OPAC |
0 |